| 000 | 01119 a2200229 4500 | ||
|---|---|---|---|
| 001 | 45942 | ||
| 005 | 20260407155732.0 | ||
| 008 | 260407a2001 arg spa d | ||
| 003 | AR-UNSa-BCEJYS | ||
| 040 |
_aAR-UNSa-BCEJYS _bspa _cAR-UNSa-BCEJYS |
||
| 080 |
_a340 _xDerecho. Generalidades. Propedéutica. Métodos y ciencias auxiliares del derecho |
||
| 245 | 1 | 0 | _aAnálisis económico del derecho privado y regulatorio |
| 020 | _a987-507-206-0 | ||
| 264 | 1 |
_aBuenos Aires : _bCiudad Argentina _c2001 |
|
| 300 |
_a306 p. _c20 cm. |
||
| 505 | _a1. Introducción – 2. Conceptos económicos básicos – 3. Derechos de propiedad – 4. Límites de la propiedad – 5. Economía de los contratos – 6. Responsabilidad civil extracontractual – 7. Responsabilidad por incumplimiento contractual – 8. Regulación económica directa – 9. Regulación económica indirecta – 10. Conclusiones - | ||
| 041 | _aspa | ||
| 942 | _cBK | ||
| 590 | _aniveau_biblio:m niveau_hierar:0 | ||
| 100 | 1 | _aColoma, Germán | |
| 856 | 4 | 1 |
_uhttps://www.biblioeco.unsa.edu.ar/pmb/images/libros/L127228.jpg _yImagen de portada _qimage/jpeg |
| 999 |
_c4071 _d4071 |
||